Actors Disney Channel: Good Luck Charlie - Statistics

General Stats
  • This quiz has been taken 518 times
  • The average score is 5 of 8
Answer Stats
Hint Answer % Correct
Teddy Duncan Bridgit Mendler
80%
PJ Duncan Jason Dolley
78%
Charlie Duncan Mia Talerico
73%
Gabe Duncan Bradley Steven Perry
71%
Amy Duncan Leigh-Allyn Baker
43%
Bob Duncan Eric Allan Kramer
40%
Spencer Shane Harper
39%
Ivy Wentz Goodwin Raven
35%
No matching quizzes found
Score Distribution
Percent of People with Each Score
Percentile by Number Answered
Your Score History
You have not taken this quiz